000 00388nam a2200169 4500
003 LK-CoMWRAF
005 20231004091910.0
008 230913b |||||||| |||| 00| 0 eng d
040 _aLK-CoMWRAF
_dLK-CoMWRAF
_eLK-CoMWRAF
041 _aeng
082 _a297
_bKHA
100 _aKhan, Maulana Wahiduddin
245 _aThe True jihad
300 _a108p
650 _aJihad
942 _cBK
999 _c3561
_d3561